Workshop on antibiotic resistance : Regional survey of antibiotic resistance in aquaculture

में बचाया:
ग्रंथसूची विवरण
स्वरूप: पुस्तक
भाषा:Undetermined
प्रकाशित: Bangkok, Thailand The Aquatic Animal Health Research Institute Department of Fisheries 1994
विषय:
टैग : टैग जोड़ें
कोई टैग नहीं, इस रिकॉर्ड को टैग करने वाले पहले व्यक्ति बनें!
Thư viện lưu trữ: Trung tâm Học liệu Trường Đại học Cần Thơ
LEADER 00590nam a2200169Ia 4500
001 CTU_150782
008 210402s9999 xx 000 0 und d
082 |a 639.94 
082 |b W927a 
245 0 |a Workshop on antibiotic resistance : 
245 0 |b Regional survey of antibiotic resistance in aquaculture 
260 |a Bangkok, Thailand 
260 |b The Aquatic Animal Health Research Institute Department of Fisheries 
260 |c 1994 
650 |a Fishery scientists,Nghiên cứu nghề cá 
904 |i Trọng Hải 
980 |a Trung tâm Học liệu Trường Đại học Cần Thơ